| 000 | 00516nam a2200217Ia 4500 | ||
|---|---|---|---|
| 005 | 20250425160653.0 | ||
| 008 | 250425s9999 xx 000 0 und d | ||
| 041 | _aspa | ||
| 082 | _a330.15 | ||
| 100 | _aMALTHUS, THOMAS ROBERT | ||
| 245 | 0 | _aPRINCIPIOS DE ECONOMIA POLITICA | |
| 250 | _a1A ED. | ||
| 260 | _aMEXICO | ||
| 260 |
_aMéxico _bFONDO DE CULTURA ECONOMICA _c1990 |
||
| 300 | _a385 | ||
| 650 | _aECONOMIA POLITICA | ||
| 650 | _aSALARIOS | ||
| 650 | _aTRABAJO | ||
| 942 | _c01 | ||
| 010 | _a1939 | ||
| 999 |
_c193810 _d193810 |
||